00469 a2200169 450000100060000002000060000604000220001210000270003424000330006124500280009430000080012236200090013065000230013994200070016295201130016999900170028256700 a  cAnchieta - Pituba aMorais, Célia Franco10aNa floresta dos duendeslpor10aNa floresta dos duendes a1030 a1992 4aLiteratura juvenil cBK 00104070a91.1b91.1d2023-11-21l0oLJ 028.5 M827n MOR NAFp6293/PITr2023-11-21 18:24:12w2023-11-21yBK c56700d56700